[Event "Petroupoli ASOP Dias op"]
[Site "Petroupoli"]
[Date "2013.02.27"]
[Round "6.9"]
[White "Alexiadis, Hristos"]
[Black "Dionisopoulos, Zaharias"]
[Result "1-0"]
[WhiteElo "1862"]
[BlackElo "1924"]
[PlyCount "57"]
[EventDate "2013.01.23"]
[EventType "swiss"]
[EventRounds "7"]
[EventCountry "GRE"]
[SourceTitle "EXT 2024"]
[Source "ChessBase"]
[SourceDate "2023.10.10"]
[SourceVersion "1"]
[SourceVersionDate "2023.10.10"]
[SourceQuality "1"]

1. e4 e6 2. d4 d5 3. Nc3 Nf6 4. Bg5 dxe4 5. Nxe4 Be7 6. Bxf6 gxf6 7. Nf3 f5 8. Nc3 c6 9. Bc4 Nd7 10. Qe2 Nf6 11. 0-0-0 a6 12. Rhe1 Nd5 13. Ne5 Nxc3 14. bxc3 Qa5 15. Rd3 Qa3+ 16. Kb1 Qd6 17. Qh5 Rf8 18. Rde3 Bd7 19. Nxf7 Rxf7 20. Rxe6 Bxe6 21. Bxe6 Rb8 22. Qxf7+ Kd8 23. Bxf5 c5 24. dxc5 Qxc5 25. Rd1+ Kc7 26. Rd7+ Kb6 27. Rxe7 Rd8 28. Qb3+ Ka5 29. Qb4+ 1-0

[Event "Petroupoli ASOP Dias op"]
[Site "Petroupoli"]
[Date "2013.01.30"]
[Round "2.7"]
[White "Dionisopoulos, Zaharias"]
[Black "Delithanasis, Dimitrios"]
[Result "1/2-1/2"]
[WhiteElo "1924"]
[BlackElo "2126"]
[PlyCount "111"]
[EventDate "2013.01.23"]
[EventType "swiss"]
[EventRounds "7"]
[EventCountry "GRE"]
[SourceTitle "EXT 2024"]
[Source "ChessBase"]
[SourceDate "2023.10.10"]
[SourceVersion "1"]
[SourceVersionDate "2023.10.10"]
[SourceQuality "1"]

1. e4 e5 2. Nf3 Nc6 3. d4 exd4 4. Bc4 Bc5 5. c3 Nf6 6. cxd4 Bb4+ 7. Bd2 Nxe4 8. Bxb4 Nxb4 9. Bxf7+ Kxf7 10. Qb3+ Kf8 11. Qxb4+ Qe7 12. Qxe7+ Kxe7 13. 0-0 Re8 14. Re1 Kf8 15. Na3 c6 16. d5 d6 17. Nd4 Bd7 18. Rad1 Rad8 19. f3 Nf6 20. Nc4 c5 21. Rxe8+ Nxe8 22. Nc2 b6 23. N2e3 Bc8 24. Kf2 Nc7 25. Nd2 b5 26. g4 a5 27. a4 bxa4 28. Ndc4 Ba6 29. Nxa5 Rb8 30. Rd2 g6 31. h4 Rb4 32. Nc6 Rb6 33. Na5 Ne8 34. f4 Rb4 35. Kf3 Bb5 36. f5 Bd7 37. fxg6 hxg6 38. Nac4 Nf6 39. Nxd6 Nxg4 40. Nxg4 Bxg4+ 41. Ke3 Bf5 42. Nxf5 gxf5 43. Rc2 Re4+ 44. Kf3 c4 45. h5 Rh4 46. Kg3 Rg4+ 47. Kf3 Ke7 48. h6 Kd6 49. h7 Rh4 50. Rxc4 Rxh7 51. Rxa4 Rh3+ 52. Kg2 Rb3 53. Rd4 Rxb2+ 54. Kf3 Rb1 55. Kf2 Rb3 56. Rd2 1/2-1/2

[Event "Fyli op 5th"]
[Site "Fyli"]
[Date "2012.10.27"]
[Round "7"]
[White "Dionisopoulos, Zaharias"]
[Black "Gougis, Antonios"]
[Result "1-0"]
[WhiteElo "1931"]
[BlackElo "1639"]
[PlyCount "81"]
[EventDate "2012.09.15"]
[EventType "swiss"]
[EventRounds "7"]
[EventCountry "GRE"]
[SourceTitle "EXT 2014"]
[Source "ChessBase"]
[SourceDate "2013.11.20"]
[SourceVersion "1"]
[SourceVersionDate "2013.11.20"]
[SourceQuality "1"]

1. e4 c5 2. Nc3 Nc6 3. f4 e6 4. Nf3 d5 5. Bb5 a6 6. Bxc6+ bxc6 7. d3 Bd6 8. 0-0 Ne7 9. e5 Bb8 10. b3 0-0 11. Ba3 Ba7 12. Kh1 Nf5 13. Qe2 Qa5 14. Na4 Rd8 15. c3 c4 16. d4 Bd7 17. Bb4 Qb5 18. Nc5 cxb3 19. Qxb5 axb5 20. axb3 Bxc5 21. Bxc5 Ne3 22. Rfc1 f6 23. exf6 gxf6 24. Be7 Rdc8 25. Bxf6 Ng4 26. Bh4 Be8 27. h3 Nh6 28. Re1 Bd7 29. Ne5 Be8 30. Nd3 Nf5 31. Bf2 Bf7 32. Nc5 Ng7 33. b4 h5 34. Ra5 Rxa5 35. bxa5 Ra8 36. a6 Bg6 37. Ra1 Bf5 38. a7 Ne8 39. Nd7 Nc7 40. Nb6 Rf8 41. a8Q 1-0

[Event "Fyli op 5th"]
[Site "Fyli"]
[Date "2012.09.15"]
[Round "1"]
[White "Kapellas, Alexandros Antonios"]
[Black "Dionisopoulos, Zaharias"]
[Result "0-1"]
[WhiteElo "1437"]
[BlackElo "1931"]
[PlyCount "56"]
[EventDate "2012.09.15"]
[EventType "swiss"]
[EventRounds "7"]
[EventCountry "GRE"]
[SourceTitle "EXT 2014"]
[Source "ChessBase"]
[SourceDate "2013.11.20"]
[SourceVersion "1"]
[SourceVersionDate "2013.11.20"]
[SourceQuality "1"]

1. d4 Nf6 2. f4 d6 3. Nf3 g6 4. e3 Bg7 5. Bd3 0-0 6. 0-0 c5 7. c3 Nc6 8. e4 cxd4 9. cxd4 Bg4 10. Be3 Nd7 11. e5 Nb6 12. Nc3 Nb4 13. Be4 Nc4 14. Bc1 Nc6 15. h3 Bxf3 16. Bxf3 Qb6 17. Bxc6 Qxc6 18. b3 Nxe5 19. dxe5 Qxc3 20. Bd2 Qd4+ 21. Kh1 dxe5 22. fxe5 Bxe5 23. Qe2 Bg7 24. Rfd1 Qe5 25. Qf3 Rad8 26. Re1 Qd5 27. Qxd5 Rxd5 28. Rad1 Rdd8 0-1